000 00486cam a22001457a 4500
008 180718b2005 xxu||||| |||| 00| 0 eng d
100 _aArndt, Channing
245 _aThe doha trade round and Mozambique
_cby Channing Arndt
260 _aWashington, D.C.
_bWorld Bank
_c2005
300 _a33p.
440 _aPolicy research working paper; no. 3717
650 _aMozambique --Economic conditions --1975-
650 _aFree trade --Mozambique
650 _aDoha Development Agenda (2001- )
999 _c292942
_d292942